000 00857nam a2200241 a 4500
001 000020952
005 20240510073818.0
008 100824s2003 dr 000 0 spa d
020 _a9993482072
040 _aDO-SdBNP
_bspa
_cBNPHU
082 _a269.2
_bG633t
100 1 _aGómez Bueno, Tomás,
_d1952-
_936507
245 1 0 _aTemas evangélicos de hoy /
_cTomás Gómez Bueno ; prólogo Bienvenido Álvarez Vega.
260 _aSanto Domingo :
_bPromociones y Publicidad La Fe,
_c2003.
300 _av. ;
_c23 cm.
500 _aIncluye datos biográficos del autor en las solapas de la cubierta.
500 _aLa biblioteca posee el vol. 1.
590 _aInventariado, 2018/ YL
650 4 _aEvangelización
_9476
650 0 _aVida cristiana
_9668
700 1 _aÁlvarez Vega, Bienvenido,
_epról.
_927120
910 _aValidado. Control de calidad EMS
999 _c20455
_d20455